Animals from Spanish to English - Statistics

General Stats
  • This quiz has been taken 905 times
    679 since last reset
  • The average score is 10 of 15
Answer Stats
Spanish And english % Correct
Leon Lion
99%
Perro Dog
94%
Gato Cat
93%
Tortuga Tortoise
91%
Elefante Elephant
90%
Pescado Fish
89%
Caballo Horse
79%
Vaca Cow
76%
Camello Camel
72%
Pajaro Bird
68%
Mariposa Butterfly
64%
Conejo Rabbit
51%
Tiburon Shark
49%
Cobayo Guinea pig
16%
Erizo Hedgehog
15%
No matching quizzes found
Score Distribution
Percent of People with Each Score
Percentile by Number Answered
Your Score History
You have not taken this quiz since the last reset